Van turizm rehberi (Record no. 2427)

MARC details
000 -BAŞLIK
Sabit Uzunlukta Kontrol Alanı 00606na a2200205 4500
001 - KONTROL NUMARASI
Denetim Alanı 16592
003 - KONTROL NUMARASI IDENTIFIER
Denetim Alanı MIRAKIL
005 - SON İŞLEM TARİHİ VE ZAMANI
Denetim Alanı 20181213154857.0
008 - SABİT-BOY VERİ ELEMANLARI - GENEL BİLGİLER
Sabit Uzunlukta Kontrol Alanı 161014b tu 000 0
040 ## - KATALOGLAMA KAYNAK
Orijinal Kataloglama Ajansı Milas
Kataloglama Dili tur
Metne Dönüştürmek Ajansı TR-AnCHP
041 ## - DİL KODU
Metin / Ses Parça Veya Ayrı Başlığın Dil Kodu tur
-- eng
082 ## - DEWEY ONLU SINIFLANDIRMA NUMARASI
Sınıflandırma Numarası 915.6638
Ürün Numarası V25 [t.y.]
090 ## - SINIFLAMA NUMARASI
Sınıflama Numarası 915.6638 V25 [t.y.]
245 ## - BAŞLIK TABLOSU
Başlık Van turizm rehberi
Başlığın Kalan = Tourism guide of Van
Sorumluluk Tablosu, Vb Van Valiliği
260 ## - YAYIN, DAĞITIM, VB
Yayın, Dağıtım, Vb Yeri Van
Yayıncı, Dağıtıcı, Vs Adı Van Il Kültür ve Turizm Müdürlüğü
Yayın, Dağıtım, Vb Tarihi [t.y.]
300 ## - FİZİKSEL TANIM
Kapsam 93 s.
Diğer Fiziksel Ayrıntıları rnkl. fotg., hrt.,tbl.
Boyutlar 21 sm.
651 ## - KONU KATMA GİRİŞ - COĞRAFİ ADI
Coğrafi İsim Van
Genel Alt Bölümü Tanıtım kitapları
651 ## - KONU KATMA GİRİŞ - COĞRAFİ ADI
Coğrafi İsim Van
Genel Alt Bölümü Kılavuzlar
942 ## - EKLENDİ GİRİŞ ELEMANLARI (KOHA)
Sınıflandırma Veya Raf Düzeni Kaynak Dewey Decimal Classification
Koha Öğesi Türü Books
999 ## - SİSTEM KONTROL NUMARALARI (KOHA)
Koha Biblionumber 2427
Koha Biblioitemnumber 2427
Holdings
Kalıcı Konum Mevcut Konum Edinme Tarihi Edinim Kaynak Toplam Check-Out'Lar Tam Çağrı Numarası Barkod Tarih Son Görülme İtibaren Geçerli Fiyatlar Koha Öğesi Türü
CHP Kütüphanesi CHP Kütüphanesi 10/08/2016 Bağış   915.6638 V25 [t.y.] 006631 10/08/2016 10/08/2016 Books